Σαράντα πέντε ημέρες οικονομικής πολιτικής τριών καθηγητών του πανεπιστημίου Αθηνών

Αποθηκεύτηκε σε:
Λεπτομέρειες βιβλιογραφικής εγγραφής
Κύριος συγγραφέας: Μαϊμούκας, Γιώργιος Δ.
Μορφή: Βιβλίο
Γλώσσα:Greek
Δημοσίευση: Αθήναι : 1945
Θέματα:
Ετικέτες: Προσθήκη ετικέτας
Δεν υπάρχουν, Καταχωρήστε ετικέτα πρώτοι!

MARC

LEADER 00000cam a2200000 i 4500
001 1/98572
008 950316s1945 gre d
035 |l 10010984 
040 |a GR-MY-UA  |b gre  |e aacr 
041 0 |a gre 
082 0 |a 338.909495 
100 1 |a Μαϊμούκας, Γιώργιος Δ. 
245 1 0 |a Σαράντα πέντε ημέρες οικονομικής πολιτικής τριών καθηγητών του πανεπιστημίου Αθηνών /  |c Γεωργίου Δ. Μαϊμούκα 
260 |a Αθήναι :   |c 1945 
300 |a δ', 132 σ.  |b πίν. 
650 0 0 |a Finance, Public  |x Economics  |z Greece. 
651 0 |a Greece  |x Economic policy. 
852 |a INST  |b LESVOS  |e 19950316  |h 338.909495 ΜΑΙ  |p 005100002463  |q 005100002463  |t BK  |y 0 
909 |a Λ  |b 038121 
970 |z 2000/05/ΟΙΚΟΝΟΜΟΠΟΥΛΟΥ ΧΡΙΣΤΙΝΑ